000 00390nam a22001697a 4500
003 MPLRDC
005 20220104144017.0
008 210129b ||||| |||| 00| 0 eng d
082 _a494.8 ZZ
100 _a张之著
245 _a怎样珍惜和利用时间
_c
250 _a初版
260 _a
_b上海人民出版社
_c1986
300 _b
650 _a
942 _cBK
_o494.8 ZZ
999 _c45517
_d45507